000 03715ncm0a22005771 4500
001 RU\NLR\ONIZ\223850
005 20250626124424.0
035 _aRU\NLR\ONIZ\SOPHY\5000004859\20180726150654
035 _a(NLR Aleph) 011762657
071 2 0 _aБ. 49
090 _a11684992
_c11684992
100 _a20180726d1899 |||y0rusy50 ca
101 0 _arus
102 _aRU
125 _acx
128 _aop
135 _acrmn mmmanaba
145 0 _ac
200 1 _aПринцесса Греза
_bНоты
_eлирическая опера в 4 действиях Эд. Ростана - Т. Л. Щепкиной-Куперник
_eор. 31
_fмузыка Ю. Блейхмана
_gпереложение для пения и фортепиано М. Липпольда
208 _a[Клавир]
210 _aС.-Петербург
_cНотопечатня П. П. Сойкина
_cСклад издания у И. Юргенсона
_d1899
215 _a[6], 461 с.
_cил.
_d29 см
300 _aНа авантит.: Посвящ. Ивану Александровичу Всеволожскому
300 _aОбл. на фр. яз., украшена цв. гравюрой
300 _aНа тит. л.: Собственность автора
313 _aСистематизация документа проведена по изданию - Методика классифицирования музыкальных произведений (нотных изданий) по таблицам Библиотечно-библиографических классификаций : метод. рекомендации / Гос. б-ка СССР им. В.И. Ленина.- М., 1977. Индексу ББК методических рекомендаций присваивается код ББК для научных библиотек - LBC/SL
325 _aКопия доступна в Электрон. б-ке РНБ
604 _1700#1$aРостан$gЭдмон$bЭ.$f1868-1918
_150010$aПринцесса Греза$xМузыкальные интерпретации
_aРостан, Эдмон (1868-1918)
_tПринцесса Греза
_xМузыкальные интерпретации
606 1 _aОпера русская
_z19-20 в.
_2nlr_sh
686 _aЩ971(28)Фп
_vLBC/SL
_2rubbk
700 1 _9z01790
_aБлейхман
_bЮ. И.
_f1868-1909
_gЮлий Иванович
_4230
_7ca
702 1 _9z10790
_aРостан
_bЭ.
_f1868-1918
_gЭдмон
_4520
702 1 _9z11790
_aЩепкина-Куперник
_bТ. Л.
_f1874-1952
_gТатьяна Львовна
_4520
_7ca
702 1 _9z12790
_aЛиппольд
_bМ. К.
_f1866 - ок. 1930
_gМаксимилиан Карлович
_4030
_7ca
702 1 _4280
_7ca
_8rus
_aВсеволожский
_bИ. А.
_f1835-1909
_gИван Александрович
_9227826
_3RU\NLR\AUTH\770227882
790 1 _9z01700
_aBlejchmann
_bJ. I.
_f1868-1910
_gJulij Ivanovič
_4230
_7ba
790 1 _9z10702
_aRostand
_bE.
_f1868-1918
_gEdmond
_4520
_7ba
790 1 _9z11702
_aŠčepkina-Kupernik
_bT. L.
_f1874-1952
_gTatjana L`vovna
_4520
_7ba
790 1 _9z12702
_aLippold
_bM. K.
_f1866 - ок. 1930
_gMaksimilian Karlovič
_4030
_7ba
790 1 _9z13702
_aVsevoložskij
_bI. A.
_f1835-1909
_gIvan Aleksandrovič
_4280
_7ba
801 0 _aRU
_bNLR
_c20180726
_gPSBO
801 1 _aRU
_bNLR
_c20180726
_2rusmarc
801 2 _aRU
_bNLR
_c20180814
852 _aNLR
_bМ
_j346-3/Б.688
_p191017
_t1
942 _cSCORE
980 _aNB
980 _aONIZ
981 2 4 _a(24) Нотные издания и аудиозаписи
_b(24) Оперы, оперетты